Cuatro idiomas para un estado (Record no. 113326)

MARC details
000 -LEADER
campo de control de longitud fija 00578nam a2200181 4500
001 - NÚMERO DE CONTROL
campo de control 113326
003 - IDENTIFICADOR DE NÚMERO DE CONTROL
campo de control ES-MaACL
007 - CAMPO FIJO DE DESCRIPCIÓN FÍSICA--INFORMACIÓN GENERAL
campo de control de longitud fija t|
008 - DATOS DE LONGITUD FIJA--INFORMACIÓN GENERAL
campo de control de longitud fija 061121s1977 sp r ||||1| spa d
100 1# - ENTRADA PRINCIPAL--NOMBRE DE PERSONA
Nombre de persona Ninyoles, Rafael L.
9 (RLIN) 85754
245 10 - MENCIÓN DEL TÍTULO
Título Cuatro idiomas para un estado
Resto del título : ( el castellano y los conflictos lingüísticos en la España periférica) /
Mención de responsabilidad, etc. Rafael L. Ninyoles.
260 ## - PUBLICACIÓN, DISTRIBUCIÓN, ETC.
Lugar de publicación, distribución, etc. Madrid :
Nombre del editor, distribuidor, etc. Cambio 16,
Fecha de publicación, distribución, etc. 1977.
300 ## - DESCRIPCIÓN FÍSICA
Extensión 258 p. ;
Dimensiones 20 cm.
490 1# - MENCIÓN DE SERIE
Mención de serie España viva
830 0# - PUNTO DE ACCESO ADICIONAL DE SERIE-TÍTULO UNIFORME
Título uniforme España viva
9 (RLIN) 180467
852 ## - LOCALIZACIÓN
Ubicación ES-MaACL
Número de control de estantería L-7166
Sublocalización o colección R.107999
Holdings
Estatus retirado Estado de pérdida Estado de daño No para préstamo Biblioteca de origen Biblioteca actual Ubicación en estantería Fecha de adquisición Fuente de adquisición Total de préstamos Signatura topográfica completa Código de barras Visto por última vez Precio de reemplazo Tipo de ítem Koha
        Biblioteca del Ateneo de Madrid Biblioteca del Ateneo de Madrid Depósito 2 17/01/2008     L-7166 1118201 23/02/2023 23/02/2023 Libro impreso